000 00305nam a22001337a 4500
008 190227b xxu||||| |||| 00| 0 eng d
020 _a9780880487542
041 _aeng
080 _a618
100 _a10
101 _aGJIN
245 _aA Clinician's guide to menopause
_cSteward,D.E
942 _2udc
_cBK
999 _c54341
_d54341